| 000 | 00869nam a2200301Ia 4500 | ||
|---|---|---|---|
| 001 | Para_9787 | ||
| 003 | CHAP | ||
| 008 | 220125s2011 xx 000 0 und d | ||
| 010 | _a208432 | ||
| 020 | _a978-90-481-9640-1 | ||
| 040 | _cCHAP | ||
| 082 | _aPA 660.6 I59 | ||
| 245 |
_aInsect biotechnology / _c Andrea Vilcinskas, editor |
||
| 260 |
_aDordrecht : _b Springer |
||
| 300 | _a267 p | ||
| 500 | _aIncluye referencias bibliográficas e índice \ La biblioteca cuenta con el volumen 2 | ||
| 503 | _aI.259982 (ej.1) | ||
| 650 |
_aBiotecnología _912878 |
||
| 650 |
_aInsectos _x Aspectos moleculares _9174843 |
||
| 700 |
_aVilcinskas, Andrea, ed. _9174844 |
||
| 901 | _aPA 660.6 I59 | ||
| 902 | _aM | ||
| 905 | _a5232202011 an 8000000000 00 | ||
| 910 | _a2011 | ||
| 942 | _cPARA | ||
| 942 |
_cPARA _d1 |
||
| 999 |
_c208432 _d208432 |
||